000
00280nam a22001217a 4500
008
170721b xxu||||| |||| 00| 0 eng d
041
_a
eng
080
_a
004
100
_a
28
101
_a
SHKI
245
_a
PROGRAMMIRANJE NC I CNC MASINA ALATKI
_c
KOVASEVIC, R
942
_2
udc
_c
BK
999
_c
21748
_d
21748